000 01420nam1a22003131i 4500
001 RU\NLR\19V\932168
005 20260406162645.0
035 _a(NLR Aleph) 005290403
090 _a6184430
_c6184430
100 _a20110124d1914 u||y0rusy50 ca
101 0 _arus
102 _aRU
105 _aa zr |||g|
135 _acrmn mmmaaada
200 1 _aТворения
_fВелемир Владимирович Хлебников
_g[рис. В. и Д. Бурлюков]
210 _aМосква
_c"Первый журнал русских футуристов"
_d1914
215 _d20
225 1 _aФутуристы "Гилэя"
_eВиктор Хлебников, Вл. Маяковский, Д., Н., В. Бурлюки, А. Крученых, В. Лившиц
700 1 _8rus
_7ca
_aХлебников
_bВ.
_f1885-1922
_gВелимир
_3RU\NLR\AUTH\779596
_9119416
702 1 _4440
_8rus
_7ca
_aБурлюк
_bВ. Д.
_cхудожник
_f1886-1917
_gВладимир Давидович
_3RU\NLR\AUTH\7784613
_967541
702 1 _4440
_4080
_8rus
_7ca
_aБурлюк
_bД. Д.
_f1882-1967
_gДавид Давидович
_3RU\NLR\AUTH\7784351
_967279
801 0 _aRU
_bNLR
_c20110124
_gpsbo
801 1 _aRU
_bNLR
_c20110124
_2rusmarc
801 2 _aRU
_bNLR
_c20110124
_2rusmarc
852 _aNLR
_jЛ30 В-3/239 (1)
852 _aNLR
_bМф
_jК1/2123 (1)
942 _cBOOK
981 3 9 _a(39) Русский авангард